| 000 | 01104nam0a22002771 4500 | ||
|---|---|---|---|
| 001 | rc\2242962 | ||
| 005 | 20110829181745.9 | ||
| 035 | _a(NLR Aleph) 006514941 | ||
| 090 |
_a6369243 _c6369243 |
||
| 100 | _a20110829d1978 |||y0rusy50 ca | ||
| 101 | 0 | _arus | |
| 102 | _aRU | ||
| 105 | _aa z ||||| | ||
| 200 | 1 |
_aВопросы климатологии _e[Сб. статей] _fПод ред. Л.И. Сакали и Л.С. Рыбченко |
|
| 210 |
_aМосква _cГидрометеоиздат. Моск. отд-ние _d1978 |
||
| 215 |
_a112 с. _cил. _d21 |
||
| 225 | 1 |
_aТруды Украинского научно-исследовательского гидрометеорологического института _vВып. 165 |
|
| 320 | _aСписки лит. в конце статей | ||
| 606 |
_aКлиматология _jСборники _2psbo |
||
| 702 | 1 |
_aСакали _bЛ. И. _gЛеонид Иванович _4340 |
|
| 702 | 1 |
_aРыбченко _bЛ. С. _4340 |
|
| 801 | 0 |
_aRU _bNLR _gpsbo |
|
| 801 | 1 |
_aRU _bELAR _2rusmarc |
|
| 852 |
_aNLR _jП7/604 |
||
| 942 | _cBOOK | ||
| 980 | _aNB | ||